JoJo's Bizarre Adventure Localization Names - Statistics

General Stats
  • This quiz has been taken 902 times
    800 since last reset
  • The average score is 15 of 25
Answer Stats
Hint Answer % Correct
Zipper Man Sticky Fingers
95%
Filthy Acts At A Reasonable Price Dirty Deeds Done Dirt Cheap
92%
Shining Diamond Crazy Diamond
91%
Six Bullets Sex Pistols
90%
Worse Company Bad Company
89%
Mirror Man Man In The Mirror
85%
Dan of Steel Steely Dan
85%
Thankful Dead Grateful Dead
83%
Frightening Monsters Scary Monsters
81%
Highway Go Go Highway Star
77%
Cry Cry Dolls Goo Goo Dolls
69%
Enyaba Enya
65%
Babyhead Babyface
64%
Zenyatta and Mondatta Oingo and Boingo
61%
Santviento Santana
56%
Flaccid Pancake Limp Bizkit
55%
Manishu Booi Mannish Boy
50%
Loggs & Meshina Loggins and Messina
42%
Donobang Donovan
38%
Misterioso Enigma
37%
Centerfold J. Geil
32%
Billie Jean Kenny G
31%
I, Rock I Am a Rock
28%
Terra Ventus Earth, Wind and Fire
26%
Soul Sacrifice Devo the Cursed
22%
No matching quizzes found
Score Distribution
Percent of People with Each Score
Percentile by Number Answered
Your Score History
You have not taken this quiz since the last reset